000 00632nam a2200181Ia 4500
008 090124s9999 xx 000 0 und d
082 _b31942
_a4374
100 _aजाधव रा. ग.
245 _a तृतीया (दलितसाहित्य - समीक्षा)
250 _a1
260 _c1993
300 _a108
600 _aजाधव रा. ग.
630 _a तृतीया (दलितसाहित्य - समीक्षा)
700 _aजाधव रा. ग.
730 _a तृतीया (दलितसाहित्य - समीक्षा)
942 _cBOOK
999 _c145422
_d145422